| 000 | 00686nam a22002057a 4500 | ||
|---|---|---|---|
| 999 |
_c16785 _d16785 |
||
| 003 | AR-CdUCM | ||
| 008 | 190506b ||||| |||| 00| 0 sap d | ||
| 040 |
_aMUNICIPALIDAD PROVINCIAL DEL CUSCO _cBIBLIOTECA MUNICIPAL DEL CUSCO |
||
| 082 |
_a802.82 / _bR53 |
||
| 100 |
_aRice, Elmer. _936443 |
||
| 245 | _aTeatro / | ||
| 260 |
_aBuenos Aires : _bLosada, S.A., _c1957. |
||
| 300 |
_a352 páginas ; _c20 cm. |
||
| 505 | _aContenido :El procesado -- La maquina de sumar -- El abogado -- La soñadora ... | ||
| 650 |
_aTeatro. _9173 |
||
| 700 |
_aZalamea, Jorge (traductor) _936444 |
||
| 700 |
_aAmilibic, Miguel de (traductor) _936445 |
||
| 942 |
_2ddc _cLIBROS |
||
| 945 |
_arum _d2019-05-06 |
||